000 00754nam a2200181 a 4500
001 000043095
005 20201002040632.0
008 140218s1993 nyuac 001 0 spa d
020 _a068811735X
040 _aDO-SdBNP
_bspa
_cBNPHU
082 _axxxx
_bxxxx
100 1 _aVila, Bob
_970620
245 1 0 _aBob Vila's toolbox :
_bthe ultimate illustrated guide to portable hand and power tools /
_cBob Vila ; designed by Marjorie Anderson ; photography by Michael Fredericks ; line drawings by Jeffrey Bellantuono.
260 _aNew York :
_bW. Morrow,
_c1993.
300 _axx, 235 p. :
_bil. ;
_c29 cm.
500 _aToolbox.
505 0 _aMeasuring and marking tools --
_tCutting and drilling tools --
_tShaping tools --
_tFastening tools --
_tSpecialty tools.
999 _c42584
_d42584